Länder mit Hochgeschwindigkeitszügen - Statistiken

Allgemein
  • Dieses Quiz wurde 183 mal gespielt
  • Das Durchschnittsergebnis liegt bei 21 aus 26
Antwortstatistiken
Streckenlänge Antwort % Korrekt
31.000 km China
99%
3.045 km Deutschland
99%
3.300 km Frankreich
99%
3.240 km Spanien
98%
2.765 km Japan
97%
54,6 km Vereinigte Staaten
97%
1.191 km Italien
95%
845 km Russland
95%
143 km Polen
92%
103 km Norwegen
89%
1.706 km Schweden
89%
352 km Österreich
88%
326 km Belgien
86%
944 km Finnland
86%
175 km Niederlande
86%
624 km Portugal
85%
1.377 km Vereinigtes Königreich
84%
92 km Schweiz
82%
1.104 km Südkorea
80%
65 km Dänemark
78%
1213 km Türkei
76%
700 km Griechenland
59%
453 km Saudi-Arabien
56%
345 km Taiwan
46%
186 km Marokko
27%
600 km Usbekistan
4%
Keine übereinstimmenden Quizze gefunden
Verteilung der Resultate
Anzahl Personen mit jedem Resultat
Perzentil nach korrekt beantworteten Fragen
Ihre Resultats-Entwicklung
Sie haben dieses Quiz noch nicht gespielt